000 00608nam a22001697a 4500
003 OSt
005 20260406111949.0
008 260406b |||||||| |||| 00| 0 eng d
040 _cMRSPTU
041 _aEnglish
100 _aParladh Katoch, Supervisor: Dr. Varinder Singh
245 _a Understanding Adverse Drug Reaction: A Comprehensive Analysis of Drug Classes, Severity, and Patient Demographics
260 _bDepartment of Pharmacy, MRSPTU, Bathinda
_c2024
650 _aPharmaceutical Sciences and Technology
856 _uhttp://163.47.215.52:8080/jspui/handle/123456789/871
942 _2ddc
_cTH
_n0
999 _c11285
_d11285